|
|
|
|
| LEADER |
00000nab a2200000 a 4500 |
| 001 |
vtls001021433 |
| 003 |
SK-MaSNL |
| 005 |
20260305033702.0 |
| 008 |
040720e19930318xo 0 slo |
| 035 |
|
|
|a SL34
|
| 040 |
|
|
|a SLLK
|b slo
|c SLLK
|e AACR2
|
| 041 |
0 |
|
|a slo
|
| 044 |
|
|
|a xo
|c SK
|
| 080 |
|
|
|a 929.6
|2 1981
|
| 245 |
0 |
0 |
|a Svätica na erbe
|c [autor] (ľn)
|
| 650 |
0 |
7 |
|a erb obce
|2 SLLK
|9 1218517
|
| 650 |
0 |
7 |
|a charakteristika
|2 SLLK
|9 30093
|
| 650 |
0 |
7 |
|a obecné erby
|2 SNKPH
|9 72784
|
| 651 |
|
7 |
|a Plaveč (Slovensko)
|2 SNKPH
|9 28609
|
| 651 |
|
7 |
|a Stará Ľubovňa (Slovensko : okres)
|2 snkbucl
|9 19196
|
| 773 |
0 |
8 |
|t Ľubovnianske noviny
|g Roč. 19, č.11, 18.3.1993, s. 4
|
| 852 |
|
|
|a ZVYKNI
|b KIS3GCP
|
| 999 |
|
|
|c 3325310
|d 3327240
|